| 000 | 00867nam a2200277 i 4500 | ||
|---|---|---|---|
| 001 | 102828 | ||
| 003 | ES-MaACL | ||
| 005 | 20230906183208.0 | ||
| 007 | t| | ||
| 008 | 051213s1976 sp af ||||1| spa d | ||
| 020 | _a84-7385-003-3 | ||
| 080 | _a840-14"19" | ||
| 080 | _a76 Daboval | ||
| 100 | 1 |
_aBaudelaire, Charles. _926513 |
|
| 245 | 1 | 4 |
_aLas flores del mal / _cCharles Baudelaire ; traducción y prólogo de Alain Kelepikis ; con diez aguafuertes originales de Daboval. |
| 260 |
_aMadrid : _bGisa, _c1976. |
||
| 300 |
_a36 p., [10] h. de lám. : _bil. ; _c54 cm. |
||
| 490 | 1 |
_aTorculum ; _v6 |
|
| 500 | _aEjemplar numerado de una tirada de 151 ejemplares. | ||
| 700 | 1 |
_aKelepikis, Alain. _967745 |
|
| 700 | 1 |
_aDaboval. _942404 |
|
| 830 | 0 |
_aTorculum ; _v6 _9184690 |
|
| 852 |
_aES-MaACL _jGF-58 |
||
| 999 |
_c102828 _d102828 |
||